000 00437nam a2200145Ia 4500
008 211109s9999||||xx |||||||||||||| ||und||
082 _a894.81205
_bDEV-J
100 _aDevasya, P C
245 0 _aJayabharatham
260 _bJayabharatham
_aMadras
_c1973
300 _a525p.
630 _xReference Reading Room
650 _aMalayalam literature
_vAltaic, Uralic, Hyperborean & Dravidian
_xLiterature & rhetoricGeneralia
942 _cBOOK
999 _c57259
_d57259